Biological contol of crop diseases (Record no. 42255)

MARC details
000 -LEADER
fixed length control field 00320nam a2200121Ia 4500
020 ## - INTERNATIONAL STANDARD BOOK NUMBER
ISBN 0824706935
082 ## - DEWEY DECIMAL CLASSIFICATION NUMBER
Classification number 632.937
Item number GNA
100 ## - MAIN ENTRY--AUTHOR NAME
Personal name Gnanamanickam, Samuel S
245 #0 - TITLE STATEMENT
Title Biological contol of crop diseases
260 ## - PUBLICATION, DISTRIBUTION, ETC. (IMPRINT)
Place of publication New York
Name of publisher Marcel Dekker
Year of publication 2002
942 ## - ADDED ENTRY ELEMENTS (KOHA)
Koha item type Books
Holdings
Withdrawn status Lost status Damaged status Not for loan Home library Current library Date acquired Cost, normal purchase price Full call number Accession Number Koha item type
        RRII Library RRII Library 16/12/2021 175.00 632.937 GNA 22530 Books